ბათუმის შოთა რუსთაველის სახელმწიფო უნივერსიტეტის ბიბლიოთეკა

ქისტური ცეკვის ამაგდარი : იოსებ ცათიაშვილი 100 = Magician of the kisturi dance : Joseb Tsatiashvili 100 / (ბიბ.ჩანაწერი № 57051)

000 -ლიდერი
ფიქსირებული სიგრძის საკონტროლო ველი 02202nam a22002897a 4500
003 - საკონტროლო ნომრის იდენტიფიკატორი
საკონტროლო ველი Ge_BSU
005 - ბოლო ოპერაციის თარიღი და დრო
საკონტროლო ველი 20191031164717.0
008 - ფიქსირებული სიგრძის მონაცემთა ელემენტები - ზოგადი ინფორმაცია
ფიქსირებული სიგრძის საკონტროლო ველი 191031s2016 ge ||||| |||| 00| 0 geo d
020 ## - წიგნის საერთაშორისო სტანდარტული ნომერი
International Standard Book Number 9789941094095
041 ## - ენის კოდი
Language code of text/sound track or separate title geo
080 ## - უნივერსალური ათობითი კლასიფიკაციის ინდექსი
Universal Decimal Classification number 793.31(479.22)+821.353.1-94 ქ-55
245 ## - ცნობა სათაურის შესახებ
Title ქისტური ცეკვის ამაგდარი : იოსებ ცათიაშვილი 100 = Magician of the kisturi dance : Joseb Tsatiashvili 100 /
Statement of responsibility, etc მასალის მოძიება და დამუშავება : ირინა მოისწრაფიშვილი ; ქართ. ტექსტის რედ : ელენე სალარიძე ; ინგლისურად თარგმ : ანა ბაკურიძე ; ინგლ. ტექსტის რედ : ქეითი დევისი ; ფოტოგ: რაფიელ არზუმანოვი ; დიზაინი ირმა ჯიშკარიანი.
264 ## - წარმოების, გამოცემის, დისტრიბუციის და სხვა ცნობები
გამოცემის, წარმოების, დისტრიბუციის... ადგილი თბილისი,
გამოცემის, წარმოების, დისტრიბუციის... თარიღი 2016.
300 ## - ფიზიკური აღწერა
Extent 110 გვ. :
Other physical details ფოტ. ;
Dimensions 25 სმ.
546 ## - LANGUAGE NOTE
Language note თავფურ. და ტექსტი აგრეთვე ინგლ. ენაზე
653 ## - INDEX TERM--UNCONTROLLED
Uncontrolled term ცათიაშვილი, იოსებ, 1917-1991
653 ## - INDEX TERM--UNCONTROLLED
Uncontrolled term ქისტური ქორეოგრაფია
653 ## - INDEX TERM--UNCONTROLLED
Uncontrolled term ქართული ქორეოგრაფია
653 ## - INDEX TERM--UNCONTROLLED
Uncontrolled term ქისტი ქორეოგრაფები
700 ## - ADDED ENTRY--PERSONAL NAME
Personal name მოისწრაფიშვილი, ირინა
9 (RLIN) 5198
700 ## - ADDED ENTRY--PERSONAL NAME
Personal name სალარიძე, ელენე
Relator term ქართული ტექსტის რედაქტორი
9 (RLIN) 5199
700 ## - ADDED ENTRY--PERSONAL NAME
Personal name ბაკურიძე, ანა
Relator term ინგლისურად თარგმნა
9 (RLIN) 5200
700 ## - ADDED ENTRY--PERSONAL NAME
Personal name დევისი, ქეთი
Relator term ინგლისური ტექსტის რედაქტორი
9 (RLIN) 5201
700 ## - ADDED ENTRY--PERSONAL NAME
Personal name არზუმანოვი, რაფიელ
Relator term ფოტოგრაფი
9 (RLIN) 5202
700 ## - ADDED ENTRY--PERSONAL NAME
Personal name ჯიშკარიანი, ირმა
Relator term დიზაინერი
9 (RLIN) 5203
942 ## - ADDED ENTRY ELEMENTS (KOHA)
Source of classification or shelving scheme
Koha item type წიგნი
ეგზემპლარები
ჩამოწერის სტატუსი დაკარგული ეგზემპლარის სტატუსი კლასიფიკაციის წყარო ან თაროზე გაწყობის სქემა დაზიანების სტატუსი არ გაიცემა მუდმივი მდებარეობა (დაცვის ადგილი) ამჟამინდელი ადგილსამყოფელი თაროზე განთავსების ადგილი შეძენის თარიღი ღირებულება, შესყიდვის ნორმალური ფასი სრული შენახვის შიფრი შტრიხკოდი ბოლო ოპერაციის თარიღი ეგზემპლარის მიმდევრობითი ნომერი (კეტერი?) ფასის ძალაში შესვლის თარიღი ეგზემპლარის სახეობა საჯარო შენიშვნა
          ბათუმის შოთა რუსთაველის სახელმწიფო უნივერსიტეტის მთავარი ბიბლიოთეკა ბათუმის შოთა რუსთაველის სახელმწიფო უნივერსიტეტის მთავარი ბიბლიოთეკა წიგნსაცავი 2019-10-31 5.00 793.31(479.22)+821.353.1-94 ქ-55 59060 2019-10-31 59060 2019-10-31 წიგნი 5.00